000
00276nam a2200121 a 4500
008
100923s1970|||| d
245
1
0
_a
Konopný kríž
100
1
_a
Ferko, Vladimír
260
_b
Smena
_a
Bratislava
_c
1970
020
_c
10
044
_a
xo
_c
SK
041
_a
slo
999
_c
10644
_d
10644